| 000 | 00461nam a2200157Ia 4500 | ||
|---|---|---|---|
| 005 | 20250311070142.0 | ||
| 008 | 240331s9999 xx 000 0 und d | ||
| 082 |
_a894 _bTHR |
||
| 100 | _aBalasubramaniam, P | ||
| 245 | 0 | _aThiru Vi.Ka.panmuga aaivu | |
| 250 | _a2nd | ||
| 260 |
_aChennai _bTamil puthakalayam _c1992 |
||
| 300 | _a220 p ., | ||
| 500 | _aCollected papers of Thru. Vi. Ka centenary seminar held in the Dept. of. MIL, Delhi University | ||
| 942 | _cL | ||
| 999 |
_c4164 _d4164 |
||